रिश्तो का रंगमंच / (Record no. 197852)

MARC details
000 -LEADER
fixed length control field 00775nam a22001817a 4500
005 - DATE AND TIME OF LATEST TRANSACTION
control field 20230905160241.0
010 ## - LCCN (DPL NO)
LC control number B-755758
020 ## - INTERNATIONAL STANDARD BOOK NUMBER
International Standard Book Number 9789392889035
Terms of availability 495.00
035 ## - SYSTEM CONTROL NUMBER
System control number B-755758
082 ## - DEWEY DECIMAL CLASSIFICATION NUMBER
Edition number 2022
Classification number 822.08
Item number 1
100 ## - MAIN ENTRY--PERSONAL NAME
Personal name ओबरोये सुमन
245 ## - TITLE STATEMENT
Title रिश्तो का रंगमंच /
Statement of responsibility, etc सुमन ओबरोये
260 ## - PUBLICATION, DISTRIBUTION, ETC. (IMPRINT)
Place of publication, distribution, etc नई दिल्ली
Name of publisher, distributor, etc किताब घर
Date of publication, distribution, etc 2022
270 ## - ADDRESS
Address अंसारी रोड , दरियागंज
City नई दिल्ली
Postal code 110002
300 ## - PHYSICAL DESCRIPTION
Extent 172पृ.
Other physical details 22सेमी (सजिल्द)
942 ## - ADDED ENTRY ELEMENTS (KOHA)
Source of classification or shelving scheme Dewey Decimal Classification
Item type Hindi Books
Edition 2022
Classification part 822.08
Call number suffix बरोई
Holdings
Withdrawn status Lost status Not for loan Collection code Home library Current library Date acquired Source of acquisition Cost, normal purchase price Full call number Barcode Copy number Cost, replacement price Koha item type
      Non-fiction Sarojini Nagar Sarojini Nagar 05/09/2023 उपहार/23.8.23 495.00 822.08 बरोई B-755758 1 495.00 Hindi Books

© Delhi Public Library
Hit Counter
free hit counter